000 00701nam a2200229Ia 4500
003 OSt
005 20220925225750.0
006 a|||||r|||| 00| 0
007 ta
008 220923b |||||||| |||| 00| 0 eng d
037 _cGeneral Book
040 _aRTL
_cRTL
_beng
041 _2eng
_aeng
082 _aY:4:5.57.N6, K8
100 _aChristie Nils Ed.
_9292883
245 0 _aScandinavian studies in criminology
_bAspects of social control in welfare states
260 _aLondon
_bTavistock
_c1968
300 _a184p
_ccm.
490 _aScandanavian Studies in Criminiology. 2
942 _hY:4:5.57.N6, K8
_cGB
_2CC
999 _c584147
_d584147